000 00989cam a2200301 i 4500
001 72972
003 ARRUPE
005 20150807122604.0
008 820413s1979 enkabf b 001 0 eng d
020 _a0905838262
035 _a(OCoLC)5154169
035 _a(OCoLC)ocm05154169
035 _a(CStRLIN)NYCG82-B15767
035 _a(NNC)72972
040 _aUPB
_cUPB
043 _af-ke---
090 _aDT433.542
_b.L372 1979b
100 1 _aLangley, Myrtle.
_918545
245 1 4 _aThe Nandi of Kenya :
_blife crisis rituals in a period of change /
_cby Myrtle S. Langley ; foreword by F. B. Welbourn.
260 _aLondon :
_bC. Hurst,
_c1979.
300 _axi, 154 p., [5] leaves of plates :
_bill., maps ;
_c23 cm.
500 _aAbridgement of the author's thesis, University of Bristol, 1976.
500 _aIncludes index.
504 _aBibliography: p. 138-144.
650 0 _aNandi (African people)
_xRites and ceremonies.
_918546
942 _2lcc
_cMONOGRAPH
999 _c123043
_d123043